La comunicación terapéutica : (Record no. 84297)
[ view plain ]
| 000 -CABECERA | |
|---|---|
| campo de control de longitud fija | 00786nam a2200229 a 4500 |
| 005 - FECHA Y HORA DE LA ÚLTIMA TRANSACCIÓN | |
| campo de control | 20241012063720.0 |
| 008 - ELEMENTOS DE LONGITUD FIJA--INFORMACIÓN GENERAL | |
| campo de control de longitud fija | 010801s1996 es r 000 0 spa d |
| 020 ## - NÚMERO INTERNACIONAL NORMALIZADO PARA LIBROS | |
| Número Internacional Estándar del Libro | 8433011766 |
| 035 ## - NÚMERO DE CONTROL DEL SISTEMA | |
| Número de control de sistema | UPN01000110388 |
| 049 ## - COLECCIÓN | |
| Colección | CG |
| 050 #4 - SIGNATURA TOPOGRÁFICA DE LA BIBLIOTECA DEL CONGRESO | |
| Número de clasificación | RC480.8 |
| Número de documento/Ítem | W3.28 |
| 100 1# - ASIENTO PRINCIPAL--NOMBRE PERSONAL | |
| Nombre de persona | Wachtel, Paul L. |
| 245 13 - MENCIÓN DE TÍTULO | |
| Título | La comunicación terapéutica : |
| Resto del título | principios y práctica eficaz / |
| Mención de responsabilidad, etc. | Paul L. Wachtel ; tr. Olga Maiz. |
| 260 ## - PUBLICACIÓN, DISTRIBUCIÓN, ETC. | |
| Lugar de publicación, distribución, etc. | Bilbao, Esp. : |
| Nombre del editor, distribuidor, etc. | Desclée de Brouwer, |
| Fecha de publicación, distribución, etc. | c1996. |
| 300 ## - DESCRIPCIÓN FÍSICA | |
| Extensión | 313 p. |
| 440 #0 - MENCIÓN DE SERIE/ASIENTO SECUNDARIO--TÍTULO | |
| Título | Biblioteca de psicología ; |
| Designación de volumen o secuencia | 82 |
| 534 ## - NOTA SOBRE LA VERSIÓN ORIGINAL | |
| Frase introductoria | Traducción de: |
| Mención de título del original | Therapeutic communication, principles and effective practice |
| 650 #4 - ASIENTO SECUNDARIO DE MATERIA - TERMINO TEMATICO | |
| Término de materia o nombre geográfico como elemento de entrada | RELACIONES PSICOTERAPEUTA-PACIENTE |
| 9 (RLIN) | 25716 |
| 650 #4 - ASIENTO SECUNDARIO DE MATERIA - TERMINO TEMATICO | |
| Término de materia o nombre geográfico como elemento de entrada | COMUNICACION EN LA PSICOLOGIA |
| 9 (RLIN) | 9560 |
| 650 #4 - ASIENTO SECUNDARIO DE MATERIA - TERMINO TEMATICO | |
| Término de materia o nombre geográfico como elemento de entrada | Psicoterapia |
| 9 (RLIN) | 8720 |
| 902 ## - ELEMENTOS DE DATOS B LOCAL, LDB (RLIN) | |
| Creó | Libro |
| Estado de retiro | Estado de pérdida | Fuente del sistema de clasificación o colocación | Estado dañado | No para préstamo | Código de colección | Localización permanente | Ubicación/localización actual | Ubicación en estantería | Total de préstamos | Clasificación | Código de barras | Fecha visto por última vez | Número de copia | Tipo de ítem Koha | Fecha de adquisición | Renovaciones totales | Fecha del último préstamo |
|---|---|---|---|---|---|---|---|---|---|---|---|---|---|---|---|---|---|
| Library of Congress Classification | Colección General | Bib. Gregorio Torres Quintero | Bib. Gregorio Torres Quintero | Planta baja | 1 | RC480.8 W3.28 | 182339 | 31/12/2020 | 1 | Libro | |||||||
| Library of Congress Classification | Colección General | Bib. Gregorio Torres Quintero | Bib. Gregorio Torres Quintero | Planta baja | 5 | RC480.8 W3.28 | 182340 | 31/12/2020 | 1 | Libro | |||||||
| Library of Congress Classification | Colección General | Bib. Gregorio Torres Quintero | Bib. Gregorio Torres Quintero | Planta baja | 4 | RC480.8 W3.28 | 190334 | 06/10/2022 | 1 | Libro | 07/09/2022 | 1 | 07/09/2022 |
